000 00439nam a2200145Ia 4500
008 230917s9999||||xx |||||||||||||| ||und||
040 _e206922
_aMAIN
041 _aEnglish
082 _a891.432741 KK898B
100 _aकृष्ण कुमार
245 0 _aबुरामन ब्राहमण
260 _aरोहतक
_bवन्ती मां प्रकाशन
_c2004
300 _a229 पृ. p.
942 _cHN
999 _c174877
_d174877